| 000 | 00538nam a2200145Ia 4500 | ||
|---|---|---|---|
| 041 | _aArabic | ||
| 082 | _a341,4 cut-888 ز | ||
| 100 | _a20260118u\\\\\\\\\\\y0engy0103\\\\ba | ||
| 100 | _aعبدالصمد رحیم کریم زنگنه | ||
| 245 | 0 | _aالمركز القانوني الدولي للقوات المتعددة الجنسيات في العراق ٢٠٠٣ - ٢٠٠٨ | |
| 250 | _aط1 | ||
| 260 |
_bموسسة حمدى للطباعة والنشر _aالسليمانية - العراق _c2009 |
||
| 300 | _a302 | ||
| 942 | _cBk | ||
| 999 |
_c188599 _d188599 |
||